Chinese foreign policy

Gespeichert in:
Bibliographische Detailangaben
1. Verfasser: Ross, John
Format: Buch
Sprache:Englisch
Veröffentlicht: Charleston BiblioLife [2009]
Schlagworte:
Tags: Tag hinzufügen
Keine Tags, Fügen Sie das erste Tag hinzu!

MARC

LEADER 00000nam$a2200000$$$4500
001 0097029
005 20240312115731.2
041 0 |a eng 
044 |a GB 
245 1 0 |a Chinese foreign policy  |c John Ross 
264 1 |a Charleston  |b BiblioLife  |c [2009] 
300 |a 51 s. 
610 2 0 |a politika zahraničná 
610 2 0 |a vzťahy medzinárodné 
610 2 0 |a Čína 
100 1 |a Ross, John